| 000 | 00410 a2200073 4500 | ||
|---|---|---|---|
| 245 | 0 |
_aAutomatyczna centrala telegraficzna systemu TW-55 (instr.techn. Nr TLT-4) : _bwytyczne do pomiarów ruchu telegraficznego. Wytyczne do określenia ilości łączy i organów łączeniowych w centralach systemu TW-55 / _c. _nczęść 4 |
|
| 710 | 2 |
_aInstytut Łączności. _eWydawca _4pbl |
|
| 260 |
_aWarszawa : _bIŁ, _c1965. |
||
| 300 |
_aVI, 101 s.; _c34 cm. |
||
| 999 |
_c17578 _d17578 |
||